| 000 | 01394nam a22003017a 4500 | ||
|---|---|---|---|
| 001 | 6901 | ||
| 003 | FISKH | ||
| 005 | 20250605104052.0 | ||
| 008 | 250605b cb ||||| |||| 00| 0 eng d | ||
| 020 | _a9780439848312 | ||
| 040 |
_aFISKH _beng _cFISKH _dFISKH |
||
| 050 | _a BF671 .M55 | ||
| 082 | _a156 | ||
| 100 |
_aMiller, David _d(1943–) |
||
| 245 |
_aJust like you and me / _cDavid Miller ; Thomas, Bill |
||
| 250 | _aThis edition first published in 1999 | ||
| 260 |
_aNew York : _bScholastic, _c1999 |
||
| 300 |
_a30 unnumbered pages : _bcolor illustrations ; _c28 cm |
||
| 505 | _aG | ||
| 520 | _aAre you swift like a cheetah, sociable like a penguin, graceful as a dancing crane, or brave as a willy wagtail bird? If you are, you'll find many more within these bright, colorful pages who share these and other kinds of behavior. Here is an exuberant, original exploration of the ties between humans, animals, and their intriguingly similar worlds.David Miller made his debut with the popular Boo to a Goose by Mem Fox. Publishers Weekly praised his cut-paper collage as "stunning", saying it would "have readers poring over the pages in amazement and delight. | ||
| 521 | 8 |
_a410
_bLexile |
|
| 521 | 8 |
_aG
_bRaz-Plus |
|
| 650 |
_2Comparisons _aAnimals |
||
| 650 |
_2People _aRead aloud |
||
| 700 |
_aThomas, Bill _dillustrator |
||
| 942 |
_2ddc _cBK _n0 |
||
| 999 |
_c6901 _d6901 |
||